Effective of different solution concentration on the of growth of nato lettuce by hydroponics, ឥទ្ធិពលនៃកំហាប់របស់សូលុយស្យុងសារធាតុចិញ្ចឹមខុសគ្នាលើការលូតលាស់ដំណាំសាលាដNATOដាំដោយបច្ចេកទេសHydroponics (Record no. 7097)
[ view plain ]
| 000 -LEADER | |
|---|---|
| fixed length control field | 00790nam a22001577a 4500 |
| 003 - CONTROL NUMBER IDENTIFIER | |
| control field | OSt |
| 005 - DATE AND TIME OF LATEST TRANSACTION | |
| control field | 20160225165414.0 |
| 008 - FIXED-LENGTH DATA ELEMENTS--GENERAL INFORMATION | |
| fixed length control field | 160225b xxu||||| |||| 00| 0 eng d |
| 040 ## - CATALOGING SOURCE | |
| Transcribing agency | RUA |
| 082 ## - DEWEY DECIMAL CLASSIFICATION NUMBER | |
| Classification number | AGR AI 2014 B431 Or.1 |
| 100 ## - MAIN ENTRY--PERSONAL NAME | |
| 9 (RLIN) | 7507 |
| Personal name | AI SISOKUNPIDOR, អាយ ស៊ីសុគន្ធពិដោរ |
| 245 ## - TITLE STATEMENT | |
| Title | Effective of different solution concentration on the of growth of nato lettuce by hydroponics, ឥទ្ធិពលនៃកំហាប់របស់សូលុយស្យុងសារធាតុចិញ្ចឹមខុសគ្នាលើការលូតលាស់ដំណាំសាលាដNATOដាំដោយបច្ចេកទេសHydroponics |
| 260 ## - PUBLICATION, DISTRIBUTION, ETC. (IMPRINT) | |
| Place of publication, distribution, etc. | Phnom Penh |
| Name of publisher, distributor, etc. | RUA |
| Date of publication, distribution, etc. | 2014 |
| 300 ## - PHYSICAL DESCRIPTION | |
| Extent | xi; 40p. |
| Other physical details | ill. |
| Dimensions | 29cm. |
| 942 ## - ADDED ENTRY ELEMENTS (KOHA) | |
| Source of classification or shelving scheme | |
| Koha item type | AGR |
| Price effective from | Date last seen | Permanent Location | Not for loan | Date acquired | Source of classification or shelving scheme | Koha item type | Lost status | Withdrawn status | Total Renewals | Date last checked out | Total Checkouts | Shelving location | Damaged status | Barcode | Current Location | Full call number |
|---|---|---|---|---|---|---|---|---|---|---|---|---|---|---|---|---|
| 2016-02-25 | 2016-02-25 | Library Block B | 2016-02-25 | AGR | B431 | RUA050860 | Library Block B | AGR AI 2014 B431 Or.1 | ||||||||
| 2016-02-25 | 2024-02-07 | Library Block B | 2016-02-25 | AGR | 2024-02-02 | 3 | B431 | RUA051621 | Library Block B | AGR AI 2014 B431 Or.2 | ||||||
| 2016-02-25 | 2025-03-07 | Library Block B | 2016-02-25 | AGR | 1 | 2025-02-11 | 5 | B431 | RUA051750 | Library Block B | AGR AI 2014 B431 Or.3 | |||||
| 2016-02-25 | 2024-01-08 | Library Block B | 2016-02-25 | AGR | 2024-01-05 | 2 | B431 | RUA052229 | Library Block B | AGR AI 2014 B431 Or.4 | ||||||
| 2016-02-25 | 2024-02-21 | Library Block B | 2016-02-25 | AGR | 2024-02-12 | 2 | B431 | RUA052055 | Library Block B | AGR AI 2014 B431 Or.5 | ||||||
| 2016-02-25 | 2023-08-07 | Library Block B | 2016-02-25 | AGR | 1 | 2023-06-23 | 4 | B431 | RUA051876 | Library Block B | AGR AI 2014 B431 Or.6 | |||||
| 2016-02-25 | 2024-03-01 | Library Block B | 2016-02-25 | AGR | 2024-02-23 | 1 | B431 | RUA050742 | Library Block B | AGR AI 2014 B431 Or.7 | ||||||
| 2016-02-25 | 2025-11-11 | Library Block B | 2016-02-25 | AGR | 2025-10-08 | 2 | B431 | RUA050763 | Library Block B | AGR AI 2014 B431 Or.8 |